Novelas madrileñas / (Record no. 126519)

MARC details
000 -LEADER
campo de control de longitud fija 00828nam a2200241 4500
001 - NÚMERO DE CONTROL
campo de control 126519
003 - IDENTIFICADOR DE NÚMERO DE CONTROL
campo de control ES-MaACL
005 - FECHA Y HORA DE LA ÚLTIMA TRANSACCIÓN
campo de control 20231223063102.0
007 - CAMPO FIJO DE DESCRIPCIÓN FÍSICA--INFORMACIÓN GENERAL
campo de control de longitud fija t|
008 - DATOS DE LONGITUD FIJA--INFORMACIÓN GENERAL
campo de control de longitud fija 070214s1964 sp r ||||1| spa d
100 1# - ENTRADA PRINCIPAL--NOMBRE DE PERSONA
Nombre de persona Répide, Pedro de,
Fechas asociadas al nombre 1882-1948
9 (RLIN) 96267
245 10 - MENCIÓN DEL TÍTULO
Título Novelas madrileñas /
Mención de responsabilidad, etc. Pedro de Répide ; selección y prólogo de Emilio Gasco Contell.
260 ## - PUBLICACIÓN, DISTRIBUCIÓN, ETC.
Lugar de publicación, distribución, etc. Madrid :
Nombre del editor, distribuidor, etc. Afrodisio Aguado,
Fecha de publicación, distribución, etc. 1964.
300 ## - DESCRIPCIÓN FÍSICA
Extensión 249 p. ;
Dimensiones 18 cm.
505 8# - NOTA DE CONTENIDO CON FORMATO
Nota de contenido con formato Contiene: Del Rastro a Maravillas ; Noche perdida ; La venganza ; La desazón de la Angustias
700 0# - ENTRADA AGREGADA--NOMBRE PERSONAL
Nombre de persona Gascó Contell, Emilio.
9 (RLIN) 55842
740 0# - ENTRADA AGREGADA--TÍTULO RELACIONADO/ANALÍTICO NO CONTROLADO
Título relacionado o analítico no controlado Del Rastro a Maravillas.
740 0# - ENTRADA AGREGADA--TÍTULO RELACIONADO/ANALÍTICO NO CONTROLADO
Título relacionado o analítico no controlado Noche perdida.
740 0# - ENTRADA AGREGADA--TÍTULO RELACIONADO/ANALÍTICO NO CONTROLADO
Título relacionado o analítico no controlado La venganza.
740 0# - ENTRADA AGREGADA--TÍTULO RELACIONADO/ANALÍTICO NO CONTROLADO
Título relacionado o analítico no controlado La desazón de la Angustias.
852 ## - LOCALIZACIÓN
Ubicación ES-MaACL
Número de control de estantería C-25714
Sublocalización o colección R.54599
Holdings
Estatus retirado Estado de pérdida Estado de daño No para préstamo Biblioteca de origen Biblioteca actual Ubicación en estantería Fecha de adquisición Fuente de adquisición Total de préstamos Signatura topográfica completa Código de barras Visto por última vez Precio de reemplazo Tipo de ítem Koha
        Biblioteca del Ateneo de Madrid Biblioteca del Ateneo de Madrid Depósito 2 17/01/2008     C-25714 1131777 23/02/2023 23/02/2023 Libro impreso